Commentary on the Railways Act 1989 : (Record no. 94067)

MARC details
000 -LEADER
fixed length control field 00851nam a22002417a 4500
005 - DATE AND TIME OF LATEST TRANSACTION
control field 20150729104747.0
008 - FIXED-LENGTH DATA ELEMENTS--GENERAL INFORMATION
fixed length control field 150603b xxu||||| |||| 00| 0 eng d
010 ## - LCCN (DPL NO)
LC control number ENG-113184
020 ## - INTERNATIONAL STANDARD BOOK NUMBER
International Standard Book Number 9788180386909
Terms of availability 1895.00
035 ## - SYSTEM CONTROL NUMBER
System control number EN-96716
037 ## - SOURCE OF ACQUISITION
Source of stock number/acquisition DBAD/PUB
040 ## - CATALOGING SOURCE
Original cataloging agency dpl
Language of cataloging Eng
082 ## - DEWEY DECIMAL CLASSIFICATION NUMBER
Classification number 343.54095
100 ## - MAIN ENTRY--PERSONAL NAME
Personal name Row, Sanjiva
245 10 - TITLE STATEMENT
Title Commentary on the Railways Act 1989 :
Statement of responsibility, etc by Sanjiva Row ; revised by Ejaz Ahmed
Remainder of title a comprehensive examination of the Railways Act, 1989 ----------with the 1890 act and vice versa /
250 ## - EDITION STATEMENT
Edition statement 8th ed
260 ## - PUBLICATION, DISTRIBUTION, ETC. (IMPRINT)
Place of publication, distribution, etc Gurgaon
Name of publisher, distributor, etc LexisNexis
Date of publication, distribution, etc 2011
270 ## - ADDRESS
Address 14th Floor, Building No.10, Tower-B, DLF Cyber City, Phase-II
City Gugraon
Postal code 122002
300 ## - PHYSICAL DESCRIPTION
Extent cx,1114,55p.
Dimensions 25cm(Hb)
500 ## - GENERAL NOTE
General note Includes index.
700 ## - ADDED ENTRY--PERSONAL NAME
Personal name Ejaz Ahmed
942 ## - ADDED ENTRY ELEMENTS (KOHA)
Source of classification or shelving scheme Dewey Decimal Classification
Item type English Books
Call number suffix ROW
Classification part 343.54095
Holdings
Withdrawn status Lost status Source of classification or shelving scheme Damaged status Not for loan Collection code Home library Current library Date acquired Source of acquisition Cost, normal purchase price Total Checkouts Full call number Barcode Date last seen Copy number Cost, replacement price Koha item type
    Dewey Decimal Classification   Not For Loan Non-fiction D.B.Act.Division D.B.Act.Division 03/06/2015 DBAD/PUB 1895.00   343.54095 ROW EN-96716 03/06/2015 1 1895.00 English Books

© Delhi Public Library
Hit Counter
free hit counter